000 00790nas a2200253 4500
001 BR8500049
003 BR-BrBNA
005 20231205090040.0
007 ta
008 230509b bl.|||p| |||| 00| 00por d
040 _aBR-BrBNA
_bpor
_cBiblioteca Nacional de Agricultura
041 _a(Pt)
072 _aF60
100 1 _aCruz, R.
100 1 _aEl Dash, A.A.
245 1 _aIsolamento e caracterizacao de amido de chuchu [Sechium edule]
246 1 _a[Isolation and characterization of the starch of chayotte (Sechium edule SW.]
650 _aCHUCHU
650 _aAMIDO
650 _aCOMPOSICAO QUIMICA
773 0 _tRevista Ceres (Brazil)
_xISSN 0034-737X
_g(May-Jun 1984), v. 31(175) p. 173-188
_wBR8500049
909 _a202311
_bLúcia
_c55
_dLúcia Elande
942 _2AGRIS
_n0
_cANA
999 _c115798
_d115798